000 00352nam a2200181Ia 4500
100 _aBaartse/Mark
650 _aJava
250 _a2
942 _cRB
366 _f20
654 _ajavascript
245 _aProfessional Javascript
260 _bSPD
_c2001
082 _a005.133J/BAA
_bBAA
300 _a1098
546 _aENGLISH
999 _c35299
_d35299